UEFA Champions League 2025/26 - Logos - Statistiken

Allgemein
  • Dieses Quiz wurde 67 mal gespielt
  • Das Durchschnittsergebnis liegt bei 26 aus 29
Antwortstatistiken
Bildquiz Antwort % Korrekt
Atlético Madrid
100%
FC Arsenal
100%
Inter Mailand
100%
Juventus Turin
100%
SSC Neapel
100%
AS Monaco
98%
FC Chelsea
98%
Manchester City
98%
Eintracht Frankfurt
97%
FC Barcelona
97%
FC Liverpool
97%
Paris Saint-Germain
97%
Real Madrid
97%
Sporting Lissabon
97%
Bayer 04 Leverkusen
95%
Borussia Dortmund
95%
FC Bayern München
95%
Olympique Marseille
95%
PSV Eindhoven
93%
Tottenham Hotspur
93%
Ajax Amsterdam
92%
Atalanta Bergamo
90%
Galatasaray Istanbul
88%
Newcastle United
82%
Athletic Bilbao
78%
FC Villarreal
68%
Olympiakos Piräus
65%
Slavia Prag
50%
Royale Union Saint-Gilloise
38%
Keine übereinstimmenden Quizze gefunden
Verteilung der Resultate
Anzahl Personen mit jedem Resultat
Perzentil nach korrekt beantworteten Fragen
Ihre Resultats-Entwicklung
Sie haben dieses Quiz noch nicht gespielt